Breve historia de la música
Saved in:
| Hovedforfatter: | |
|---|---|
| Format: | Bog |
| Sprog: | spansk |
| Udgivet: |
Ciudad de México
Fondo de Cultura Económica
1963
|
| Udgivelse: | 1a. ed |
| Serier: | Colección Popular, 43
|
| Fag: | |
| Tags: |
Tilføj Tag
Ingen Tags, Vær først til at tagge denne postø!
|
MARC
| LEADER | 00000cam a2200000 a 4500 | ||
|---|---|---|---|
| 001 | UCF1088 | ||
| 003 | CL-VaPUC | ||
| 008 | 120621e19630000MX |||||||||||||||||spa|d | ||
| 082 | 0 | 4 | |a 780.9 |b DUF |2 21 |
| 100 | 0 | |a Dufourcq, Norbert |e author |9 562745 | |
| 245 | 1 | 0 | |a Breve historia de la música |
| 250 | |a 1a. ed | ||
| 300 | |a 238 p | ||
| 942 | |c BK | ||
| 945 | |d 20120621 00:00:00 |a cmena | ||
| 260 | |a Ciudad de México |b Fondo de Cultura Económica |c 1963 | ||
| 650 | 0 | |a Historia de la música |9 306741 | |
| 650 | 0 | |a Estilos musicales |9 471725 | |
| 583 | |a last modification |c 20120626 04:22:32 |k Rodrigo Vera | ||
| 490 | 0 | |a Colección Popular, 43 | |
| 999 | |c 348062 |d 348060 | ||
| 952 | |0 0 |1 0 |4 0 |6 780_900000000000000_DUF_1963 |7 0 |8 A |9 449930 |a BIBART |b BIBART |d 2019-11-22 |i 4811801 |o 780.9 DUF 1963 |p 4811801 |r 2025-03-13 |w 2019-11-22 |y BK |k ART | ||